000
00410nam a2200145Ia 4500
008
180713s9999 xx 000 0 und d
082
_a
T28 D2
100
_a
"Dakshinamoorthy, A "
245
0
_a
Ingurunooru
260
_a
Madras
260
_b
NCBH
260
_c
2004
365
_b
400
942
_c
BK
999
_c
110175
_d
110175